Catálogo
 En Linea

Dominicanismo y educación : (Registro nro. 28078)

Detalles MARC
000 -CABECERA
campo de control de longitud fija 01150nam a2200229 a 4500
001 - NÚMERO DE CONTROL
campo de control 000028586
005 - FECHA Y HORA DE LA ÚLTIMA TRANSACCIÓN
campo de control 20200930055026.0
008 - DATOS DE LONGITUD FIJA--INFORMACIÓN GENERAL
campo de control de longitud fija 110411s1945 dr r 000 | spa d
040 ## - FUENTE DE LA CATALOGACIÓN
Centro catalogador/agencia de origen DO-SdBNP
Lengua de catalogación spa
Centro/agencia transcriptor BNPHU
082 ## - NÚMERO DE LA CLASIFICACIÓN DECIMAL DEWEY
Número de clasificación 378.7293
Número de documento/Ítem S161d
100 1# - ENTRADA PRINCIPAL--NOMBRE DE PERSONA
Nombre de persona Salazar, Joaquín E.
9 (RLIN) 55538
245 10 - MENCIÓN DE TÍTULO
Título Dominicanismo y educación :
Resto del título discurso de orden pronunciado en el acto académico celebrado con motivo de la investidura de graduandos y el 406 aniversario de la erección de la Universidad de Santo Domingo, el día 28 de octubre de 1944 /
Mención de responsabilidad, etc. Joaquín E. Salazar.
260 ## - PUBLICACIÓN, DISTRIBUCIÓN, ETC.
Lugar de publicación, distribución, etc. Ciudad Trujillo, República Dominicana :
Nombre del editor, distribuidor, etc. Montalvo,
Fecha de publicación, distribución, etc. 1945.
300 ## - DESCRIPCIÓN FÍSICA
Extensión 20 p. ;
Dimensiones 23 cm.
490 1# - MENCIÓN DE SERIE
Mención de serie Universidad de Santo Domingo
Designación de volumen o secuencia 32
490 1# - MENCIÓN DE SERIE
Mención de serie Ediciones del Centenario de la República
590 ## - NOTA LOCAL (RLIN)
Nota local Inventariado, 2018/VM
610 14 - PUNTO DE ACCESO ADICIONAL DE MATERIA--NOMBRE DE ENTIDAD CORPORATIVA
Nombre de entidad corporativa o nombre de jurisdicción como elemento de entrada UNIVERSIDAD AUTÓNOMA DE SANTO DOMINGO
Subdivisión general HISTORIA
Subdivisión de forma ENSAYOS, CONFERENCIAS, ETC.
9 (RLIN) 55539
650 #4 - PUNTO DE ACCESO ADICIONAL DE MATERIA--TÉRMINO DE MATERIA
Término de materia o nombre geográfico como elemento de entrada Universidades
Subdivisión geográfica República Dominicana
Subdivisión de forma ENSAYOS, CONFERENCIAS, ETC.
9 (RLIN) 36567
830 #0 - PUNTO DE ACCESO ADICIONAL DE SERIE-TÍTULO UNIFORME
Título uniforme Universidad Autonóma de Santo Domingo
Designación de volumen o secuencia 32
Nombre de parte o sección de la obra Ediciones del Centenario de la República
9 (RLIN) 55540
910 ## - DATOS DE OPCIÓN DEL USUARIO (OCLC)
Datos de opción del usuario Validado. Control de calidad MFF
Existencias
Estado de retiro Estado de pérdida Restricciones de uso No para préstamo Código de colección Localización permanente Ubicación/localización actual Ubicación en estantería Fecha de adquisición Número de inventario Total de préstamos Signatura topográfica completa Código de barras Fecha visto por última vez Precio válido a partir de Tipo de ítem Koha Nota pública Número de copia
      Excluido de préstamo Raros y valiosos Patrimonio Dominicano Patrimonio Dominicano Depósito 11.04.2011 LF1   378.7293 S161d 28586-10 25.06.2020 25.06.2020 No se presta Perteneció a la biblioteca personal de Martínez Boog.  
      Excluido de préstamo Raros y valiosos Patrimonio Dominicano Patrimonio Dominicano Depósito 30.05.2011 LF1   378.7293 S161d 28586-20 25.06.2020 25.06.2020 No se presta Perteneció a la biblioteca personal de Enrique de Marchena. e.2
        Raros y valiosos Patrimonio Dominicano Patrimonio Dominicano Depósito 05.09.2018 LF1   378.7293 S161d 28586-30 25.06.2020 25.06.2020 Préstamo en sala   e.3

Con tecnología Koha